The Office Impossible - Statistics

General Stats
  • This quiz has been taken 17 times
  • The average score is 7 of 16
Answer Stats
Hint Answer % Correct
Gabe's middle name Susan
85%
What is the name of Darryl's daughter? Jada
62%
Which warehouse guy does Oscar have a crush on? Matt
62%
Who plays Andy's brother, Walter Junior? Josh Groban
54%
What movie does the office watch on "Movie Mondays"? Varsity Blues
54%
What is the name of the character Dwight dresses up as for Pennsylvania Dutch Christmas? Belsnickel
46%
Name of cat the state senator likes Comstock
46%
Michael was on a children's TV show as a kid. What is the show called? Fundle Bundle
46%
What is the name of Dwight's first Sensei? Ira
46%
What is the name of Dwight's best friend? (Not his cousin) Rolf
46%
What is the name of the show Andy auditions for where the judges include Aaron Rodgers, Clay Aiken, and Santigold? America's next Acapella Sensation
38%
Who does Angela hire to break Oscar's kneecaps? Trevor
38%
Song Andy sings to impress Pam Rainbow Connection
31%
Which of Angela's cats is caught on the nanny cam humping Princess Lady? Mr Ash
23%
Who does Darryl stupidly trade away in fantasy football for defense? Shaun Alexander
23%
Name of the Michaels Scott Paper Company's first customer Russel
8%
No matching quizzes found
Score Distribution
Percent of People with Each Score
Percentile by Number Answered
Your Score History
You have not taken this quiz